[Event "Lliga Catalana DH"]
[Site "Badalona"]
[Date "2018.02.10"]
[Round "4.3"]
[White "Fluvia Poyatos, Jordi "]
[Black "Alonso Moyano, Jonathan"]
[Result "1-0"]
[WhiteElo "2460"]
[BlackElo "2458"]
[PlyCount "101"]
[EventDate "2018.??.??"]
[WhiteTeam "SJO"]
[BlackTeam "BAB"]

1. e4 c5 2. Nc3 a6 3. f4 b5 4. Nf3 Bb7 5. d3 e6 6. g4 d5 7. exd5 exd5 8. Bg2
Bd6 9. O-O Ne7 10. d4 h5 11. g5 h4 12. Be3 h3 13. Bh1 c4 14. Qe2 Nd7 15. Rae1
Qc7 16. Bf2 O-O-O 17. Ne5 Rdf8 18. Bg3 f6 19. Qg4 f5 20. Qe2 Nb6 21. Nf7 Rxf7
22. Qe6+ Kb8 23. Qxf7 b4 24. Nd1 Nc6 25. Re8+ Rxe8 26. Qxe8+ Ka7 27. c3 Ne7 28.
g6 Qc6 29. Qf7 bxc3 30. bxc3 Ba3 31. Ne3 Na4 32. Be1 Qxg6+ 33. Qxg6 Nxg6 34.
Bd2 Ne7 35. Rf3 Bd6 36. Nd1 Ng6 37. Nf2 Nb2 38. Nxh3 Nd3 39. Rg3 Ngxf4 40. Nxf4
Nxf4 41. Rxg7 Kb6 42. h4 Bc6 43. Rf7 Ne2+ 44. Kf2 Ng3 45. Bf3 Ne4+ 46. Bxe4
fxe4 47. Bf4 Bxf4 48. Rxf4 Be8 49. Rf8 Bh5 50. Rf5 Bf3 51. h5 1-0

[Event "Lliga Catalana DH"]
[Site "Badalona"]
[Date "2018.02.10"]
[Round "4.4"]
[White "Perez Mañas, Benjamin"]
[Black "Porras Mateo, Felipe"]
[Result "1-0"]
[WhiteElo "2410"]
[BlackElo "2448"]
[PlyCount "71"]
[EventDate "2018.??.??"]
[WhiteTeam "BAB"]
[BlackTeam "SJO"]

1. e4 e5 2. Nf3 Nc6 3. Bb5 a6 4. Ba4 Nf6 5. d3 b5 6. Bb3 Be7 7. O-O d6 8. a3
O-O 9. Ba2 Be6 10. Bxe6 fxe6 11. Qe2 Qe8 12. c3 Qg6 13. a4 b4 14. Nbd2 bxc3 15.
bxc3 Nh5 16. Nc4 Rf7 17. Be3 Raf8 18. Ncd2 d5 19. d4 exd4 20. cxd4 dxe4 21. Ne5
Nxe5 22. dxe5 a5 23. Qc4 Bb4 24. Nxe4 Nf4 25. Bxf4 Rxf4 26. f3 R8f7 27. Rad1 h6
28. Rd8+ Kh7 29. Qd3 R4f5 30. Ng3 Bc5+ 31. Kh1 Rg5 32. f4 Rg4 33. Qxg6+ Kxg6
34. Ne2 Kh7 35. g3 Rg5 36. Rc1 1-0

[Event "Lliga Catalana DH"]
[Site "Badalona"]
[Date "2018.02.10"]
[Round "4.5"]
[White "Guerrero Sierra, Juan Carlos"]
[Black "Obon Temprano, Sergi"]
[Result "1-0"]
[WhiteElo "2347"]
[BlackElo "2384"]
[PlyCount "53"]
[EventDate "2018.??.??"]
[WhiteTeam "SJO"]
[BlackTeam "BAB"]

1. d4 d5 2. c4 c6 3. Nf3 Nf6 4. Nc3 e6 5. e3 Nbd7 6. Bd3 dxc4 7. Bxc4 b5 8. Bd3
a6 9. e4 c5 10. e5 cxd4 11. Nxb5 axb5 12. exf6 gxf6 13. O-O Qb6 14. Qe2 Bb7 15.
Bxb5 Bd6 16. Nxd4 Qxd4 17. Rd1 Qb6 18. Be3 Qc7 19. Rac1 Bxh2+ 20. Kh1 Bd5 21.
Rxc7 Bxc7 22. Rxd5 exd5 23. Bc5+ Be5 24. f4 O-O-O 25. Bxd7+ Rxd7 26. fxe5 d4
27. Qa6+ 1-0

[Event "Lliga Catalana DH"]
[Site "Badalona"]
[Date "2018.02.10"]
[Round "4.6"]
[White "Rivas Garcia, Victor"]
[Black "Iglesias, Jorge"]
[Result "0-1"]
[WhiteElo "2343"]
[BlackElo "2382"]
[PlyCount "52"]
[EventDate "2018.??.??"]
[WhiteTeam "BAB"]
[BlackTeam "SJO"]

1. e4 c5 2. Nc3 g6 3. f4 Bg7 4. Nf3 Nc6 5. Bc4 e6 6. e5 d5 7. exd6 Nf6 8. d3
Qxd6 9. Be3 b6 10. Ng5 O-O 11. Nge4 Qe7 12. a3 Bb7 13. Rb1 Rad8 14. Qe2 Nd5 15.
Bc1 Nd4 16. Qf2 Nf5 17. Ne2 Bd4 18. Nxd4 cxd4 19. c3 Nde3 20. Ba2 dxc3 21. Bxe3
Rxd3 22. Nxc3 Rxe3+ 23. Kf1 Rd8 24. Re1 Qc5 25. Rc1 Ba6+ 26. Kg1 Rd2 0-1

[Event "Lliga Catalana DH"]
[Site "Badalona"]
[Date "2018.02.10"]
[Round "4.7"]
[White "Fernandez Madrid, Carlos"]
[Black "Martinez Ramirez, Erik"]
[Result "0-1"]
[WhiteElo "2242"]
[BlackElo "2335"]
[PlyCount "60"]
[EventDate "2018.??.??"]
[WhiteTeam "SJO"]
[BlackTeam "BAB"]

1. d4 Nf6 2. c4 g6 3. Nc3 d5 4. cxd5 Nxd5 5. e4 Nxc3 6. bxc3 Bg7 7. Qa4+ Nd7 8.
Nf3 O-O 9. Bg5 c5 10. Rc1 h6 11. Be3 Nf6 12. Bd3 Ng4 13. Bd2 e5 14. h3 exd4 15.
cxd4 Nf6 16. Rxc5 Re8 17. Ne5 b6 18. Rc3 Bb7 19. f3 Nd5 20. exd5 Qh4+ 21. Kd1
Rxe5 22. Rc7 Bxd5 23. Rxa7 Rxa7 24. Qxa7 Qxd4 25. Qa3 Qa1+ 26. Bc1 Bxa2 27. Re1
Rd5 28. Re8+ Kh7 29. Rc8 Bb1 30. Qxa1 Bxa1 0-1

[Event "Lliga Catalana DH"]
[Site "Badalona"]
[Date "2018.02.10"]
[Round "4.8"]
[White "Carrasco Rodriguez, Jesus"]
[Black "Barcelo Sola, David"]
[Result "1-0"]
[WhiteElo "2285"]
[BlackElo "2178"]
[PlyCount "55"]
[EventDate "2018.??.??"]
[WhiteTeam "BAB"]
[BlackTeam "SJO"]

1. b4 e5 2. Bb2 Bxb4 3. Bxe5 Nf6 4. Nf3 Nc6 5. Bb2 d5 6. e3 O-O 7. Be2 Bf5 8.
O-O Re8 9. c4 dxc4 10. Bxc4 Bd6 11. d4 Ne4 12. Nc3 Qf6 13. Nb5 Bg4 14. Nxd6
Qxd6 15. Be2 Nb4 16. Ne1 Bxe2 17. Qxe2 Qa6 18. Qxa6 Nxa6 19. Nd3 c6 20. Rfe1
Nd6 21. Rec1 Nc7 22. Rab1 Nd5 23. a4 Nb6 24. Nc5 Nbc8 25. Ba3 b5 26. Na6 Nc4
27. Bc5 Rb8 28. Nxb8 1-0

[Event "Lliga Catalana DH"]
[Site "Badalona"]
[Date "2018.02.10"]
[Round "4.9"]
[White "Campins Machado, Francesc Miquel"]
[Black "Ramirez Carrizo, Victor Jose"]
[Result "1-0"]
[WhiteElo "2144"]
[BlackElo "2263"]
[PlyCount "129"]
[EventDate "2018.??.??"]
[WhiteTeam "SJO"]
[BlackTeam "BAB"]

1. Nf3 d5 2. c4 d4 3. b4 f6 4. e3 e5 5. c5 a5 6. Bc4 axb4 7. Nxe5 fxe5 8. Qh5+
Kd7 9. Bxg8 Qf6 10. Bxh7 Kd8 11. exd4 Ra6 12. dxe5 Re6 13. d4 g6 14. Bg5 gxh5
15. Bxf6+ Rxf6 16. exf6 Rxh7 17. a3 b3 18. Nd2 Be6 19. Rb1 Nc6 20. Nxb3 Bxb3
21. Rxb3 Nxd4 22. Rxb7 Bxc5 23. Rb8+ Kd7 24. a4 Ke6 25. O-O Nc6 26. Rb5 Bb6 27.
Ra1 Nd4 28. Rbb1 Ba5 29. h4 Kxf6 30. Rb7 Rd7 31. g3 Rd5 32. Kg2 Bb6 33. Rb8 Ne6
34. Ra2 Ra5 35. Kf3 Kf5 36. Rh8 Nd4+ 37. Kg2 Ke6 38. Rd2 Rf5 39. Rh6+ Kd5 40.
Rg6 Kc4 41. Rg5 Rf7 42. a5 Ba7 43. f4 Kc3 44. Rd1 Re7 45. Re5 Rh7 46. Rc1+ Kd2
47. Rc4 Kd3 48. Rc1 c5 49. Rcxc5 Bxc5 50. Rxc5 Nc2 51. Re5 Ne3+ 52. Kf3 Ng4 53.
Rd5+ Kc4 54. Rg5 Nf6 55. Rf5 Ng4 56. Rg5 Nf6 57. Rf5 Ng4 58. a6 Kd4 59. Ra5 Ra7
60. Rxh5 Nf6 61. Ra5 Nd5 62. h5 Nb4 63. h6 Nc6 64. Rh5 Rh7 65. g4 1-0

[Event "Lliga Catalana DH"]
[Site "Badalona"]
[Date "2018.02.10"]
[Round "4.10"]
[White "Almeria Vivo, Marc"]
[Black "Hampala, Elisabeth"]
[Result "0-1"]
[WhiteElo "2299"]
[BlackElo "2103"]
[PlyCount "95"]
[EventDate "2018.??.??"]
[WhiteTeam "BAB"]
[BlackTeam "SJO"]

1. e4 c5 2. Nf3 e6 3. c3 Nf6 4. e5 Nd5 5. d4 cxd4 6. cxd4 d6 7. Nc3 Nxc3 8.
bxc3 Qc7 9. Bd2 Nd7 10. exd6 Bxd6 11. Bd3 b6 12. O-O Bb7 13. h3 O-O 14. Re1
Rac8 15. Rc1 Bf4 16. Be4 Bxd2 17. Qxd2 Rfd8 18. Qg5 Nf6 19. Bxb7 Qxb7 20. Ne5
Qd5 21. Re3 Nd7 22. Rg3 g6 23. f4 Qxa2 24. Ng4 Qa3 25. Rf1 f5 26. Ne5 Nxe5 27.
fxe5 Rd7 28. Rff3 Qe7 29. Qh6 Qf8 30. Qe3 Rdc7 31. Qd2 Qd8 32. Rd3 Qd5 33. h4
a5 34. h5 Rg7 35. Qh6 Kf7 36. Qg5 Qd8 37. Qf4 g5 38. Qf3 g4 39. Qf2 Qd5 40. Qf4
b5 41. Qh6 Qd8 42. d5 exd5 43. e6+ Kg8 44. Qd2 Qb6+ 45. Kh1 Qxe6 46. Rxd5 Re8
47. Qa2 Kh8 48. c4 0-1

[Event "Lliga Catalana DH"]
[Site "Barcelona"]
[Date "2018.02.10"]
[Round "4.1"]
[White "Movsziszian, Karen"]
[Black "Alonso Rosell, Alvar"]
[Result "1/2-1/2"]
[WhiteElo "2562"]
[BlackElo "2532"]
[PlyCount "77"]
[EventDate "1988.??.??"]
[WhiteTeam "SAN"]
[BlackTeam "GER"]

1. g3 d5 2. Nf3 g6 3. Bg2 Bg7 4. O-O e5 5. d3 Ne7 6. e4 O-O 7. exd5 Nxd5 8. Re1
Nc6 9. Nc3 Nxc3 10. bxc3 Rb8 11. Bd2 b6 12. a4 Re8 13. Qb1 Bb7 14. Qa2 Qd7 15.
Re2 h6 16. Rae1 Kh7 17. h4 Re7 18. Bc1 Ree8 19. h5 g5 20. Bxg5 hxg5 21. Nxg5+
Kh6 22. Nxf7+ Kxh5 23. f4 exf4 24. Re6 Nd4 25. cxd4 Qxd4+ 26. Kf1 fxg3 27. c3
Qf4+ 28. Kg1 Rxe6 29. Rxe6 Qf2+ 30. Qxf2 gxf2+ 31. Kxf2 Bxg2 32. Kxg2 Rf8 33.
Ne5 Bxe5 34. Rxe5+ Kg6 35. a5 Kf6 36. d4 Rh8 37. Kg3 Rh1 38. axb6 axb6 39. Kf4
1/2-1/2

[Event "Lliga Catalana DH"]
[Site "Barcelona"]
[Date "2018.02.10"]
[Round "4.2"]
[White "Valle Maytin, Luis Enrique"]
[Black "Muñoz, Miguel"]
[Result "1/2-1/2"]
[WhiteElo "2363"]
[BlackElo "2527"]
[PlyCount "90"]
[EventDate "1988.??.??"]
[WhiteTeam "GER"]
[BlackTeam "SAN"]

1. d4 Nf6 2. Nf3 c5 3. c4 g6 4. Nc3 Bg7 5. g3 O-O 6. Bg2 Nc6 7. O-O d6 8. b3
Bg4 9. e3 Nd7 10. Ne2 e5 11. Bb2 exd4 12. exd4 cxd4 13. Qd2 d3 14. Nf4 Bxb2 15.
Qxb2 Nde5 16. Ne1 Re8 17. f3 Bf5 18. Rd1 Nb4 19. Qd2 Nc2 20. g4 Nxe1 21. Rfxe1
Qb6+ 22. Qf2 Be6 23. Nxd3 Qa5 24. Nf4 Rac8 25. h3 Rc7 26. Re2 Rd7 27. Red2 Red8
28. Nd5 Bxd5 29. Rxd5 Qc3 30. f4 Nc6 31. R5d3 Qa5 32. c5 Qb4 33. Bxc6 bxc6 34.
Rxd6 Rxd6 35. cxd6 Rxd6 36. Rxd6 Qxd6 37. Qxa7 Qxf4 38. Qa8+ Kg7 39. Qxc6 Qe3+
40. Kg2 Qe2+ 41. Kg3 Qe1+ 42. Kh2 Qe5+ 43. Kg2 Qe2+ 44. Kg3 Qe1+ 45. Kh2 Qe5+
1/2-1/2

[Event "Lliga Catalana DH"]
[Site "Barcelona"]
[Date "2018.02.10"]
[Round "4.3"]
[White "Dominguez Pons, Eric"]
[Black "Molina Carretero, Daniel"]
[Result "1-0"]
[WhiteElo "2447"]
[BlackElo "2329"]
[PlyCount "45"]
[EventDate "1988.??.??"]
[WhiteTeam "SAN"]
[BlackTeam "GER"]

1. e4 c5 2. Nf3 d6 3. d4 cxd4 4. Nxd4 Nf6 5. Nc3 g6 6. Be3 Bg7 7. f3 Nc6 8. Qd2
O-O 9. O-O-O Nxd4 10. Bxd4 Be6 11. Kb1 Qc7 12. h4 Rfc8 13. h5 Qa5 14. hxg6 fxg6
15. a3 Rab8 16. Bd3 b5 17. Qg5 d5 18. Nxd5 Bxd5 19. Bxf6 b4 20. Bc4 Rxc4 21.
Bxg7 Rd4 22. Qe5 Rb5 23. Qxe7 1-0

[Event "Lliga Catalana DH"]
[Site "Barcelona"]
[Date "2018.02.10"]
[Round "4.4"]
[White "Mediña Masdeu, Rasen"]
[Black "Akbarinia, Sayed Arash"]
[Result "1-0"]
[WhiteElo "2308"]
[BlackElo "2387"]
[PlyCount "53"]
[EventDate "1988.??.??"]
[WhiteTeam "GER"]
[BlackTeam "SAN"]

1. e4 e6 2. Qe2 c5 3. Nf3 Nc6 4. c3 d5 5. d3 g6 6. g3 Bg7 7. Bg2 Nge7 8. O-O
O-O 9. e5 Bd7 10. Re1 b5 11. Nbd2 c4 12. d4 b4 13. Nf1 bxc3 14. bxc3 Qa5 15.
Qc2 Nc8 16. g4 Nb6 17. Ng3 Na4 18. Re3 Rfb8 19. h4 Rb7 20. Ng5 Be8 21. Nh5 Rab8
22. Nf6+ Bxf6 23. exf6 Nb2 24. Qd2 Qa3 25. Rb1 Qxa2 26. Re1 Qxb1 27. Ne4 1-0

[Event "Lliga Catalana DH"]
[Site "Barcelona"]
[Date "2018.02.10"]
[Round "4.5"]
[White "Colon Garcia, Enrique"]
[Black "Mundet Riera, Jaume"]
[Result "1-0"]
[WhiteElo "2406"]
[BlackElo "2271"]
[PlyCount "73"]
[EventDate "1988.??.??"]
[WhiteTeam "SAN"]
[BlackTeam "GER"]

1. e4 e5 2. Nf3 Nc6 3. Bb5 a6 4. Ba4 Nf6 5. O-O Be7 6. Re1 b5 7. Bb3 d6 8. a3
O-O 9. d3 Na5 10. Ba2 c5 11. Nbd2 Rb8 12. Nf1 b4 13. axb4 cxb4 14. Bd2 Nc6 15.
Ne3 Qc7 16. Bc4 a5 17. c3 Bd7 18. h3 h6 19. Nh4 bxc3 20. bxc3 Kh7 21. Nhf5 Be6
22. Qf3 Ng8 23. Qg3 Bf6 24. Nd5 Bxd5 25. Bxd5 Nge7 26. Nxe7 Nxe7 27. Bc4 Ng6
28. Ra2 Ra8 29. Rea1 Nf4 30. Qg4 Ng6 31. Bd5 Ra7 32. c4 Ne7 33. Rxa5 Rxa5 34.
Rxa5 Nxd5 35. Rxd5 Ra8 36. Qf5+ Kg8 37. Bxh6 1-0

[Event "Lliga Catalana DH"]
[Site "Barcelona"]
[Date "2018.02.10"]
[Round "4.6"]
[White "Gonzalez Vericat, Sergi"]
[Black "Castelltort Fernandez, Antoni"]
[Result "1/2-1/2"]
[WhiteElo "2257"]
[BlackElo "2345"]
[PlyCount "49"]
[EventDate "1988.??.??"]
[WhiteTeam "GER"]
[BlackTeam "SAN"]

1. d4 f5 2. e4 fxe4 3. Nc3 Nf6 4. Bg5 g6 5. h4 d5 6. h5 Bf5 7. Bxf6 exf6 8. g4
Be6 9. hxg6 Qd7 10. g5 fxg5 11. Qh5 Qg7 12. Qxg5 c6 13. O-O-O hxg6 14. Rxh8
Qxh8 15. Qxg6+ Kd7 16. Kb1 Qh6 17. Qxh6 Bxh6 18. f3 exf3 19. Nxf3 Kd6 20. Bd3
Nd7 21. Rh1 Be3 22. Re1 Bf4 23. Ne2 Bh6 24. Rh1 Be3 25. Nh4 1/2-1/2

[Event "Lliga Catalana DH"]
[Site "Barcelona"]
[Date "2018.02.10"]
[Round "4.7"]
[White "Castellano Egea, Einar"]
[Black "Guso Llorca, Jordi"]
[Result "1-0"]
[WhiteElo "2298"]
[BlackElo "2249"]
[PlyCount "49"]
[EventDate "1988.??.??"]
[WhiteTeam "SAN"]
[BlackTeam "GER"]

1. e4 c6 2. c4 d6 3. Nc3 g6 4. d4 Bg7 5. Be3 Nf6 6. h3 Nbd7 7. Nf3 O-O 8. Be2
e5 9. dxe5 dxe5 10. O-O Qc7 11. Qd2 Re8 12. Rfd1 Nh5 13. b4 Nf4 14. Bf1 Ne6 15.
a3 Bf8 16. Rac1 Nf6 17. Qb2 Bg7 18. c5 Bd7 19. Bc4 h6 20. Rd6 Bf8 21. Rcd1 Bxd6
22. cxd6 Qd8 23. Nxe5 Ng5 24. Nxg6 Nfxe4 25. Nxe4 1-0

[Event "Lliga Catalana DH"]
[Site "Barcelona"]
[Date "2018.02.10"]
[Round "4.8"]
[White "Carrasco Holgado, David"]
[Black "Bautista Sanchez, Joan"]
[Result "1/2-1/2"]
[WhiteElo "2229"]
[BlackElo "2284"]
[PlyCount "107"]
[EventDate "1988.??.??"]
[WhiteTeam "GER"]
[BlackTeam "SAN"]

1. e4 c6 2. Nf3 d5 3. Nc3 Bg4 4. d4 e6 5. Be2 Bb4 6. e5 c5 7. O-O Nc6 8. Nb5
cxd4 9. Nbxd4 Bxf3 10. Nxf3 Qc7 11. c3 Bc5 12. Bb5 Nge7 13. Bf4 O-O 14. Qe2 Ng6
15. Bg3 Rfd8 16. h4 h6 17. Bd3 Nf8 18. Rfe1 a5 19. Nd2 Qb6 20. Rab1 Rd7 21. Qg4
Kh8 22. h5 Be7 23. Bf4 Qd8 24. Re3 f5 25. exf6 Bxf6 26. Rg3 Ne5 27. Bxe5 Bxe5
28. f4 Bf6 29. Nf3 Rf7 30. Kh1 Qc7 31. Re1 a4 32. Ne5 Bxe5 33. Rxe5 Rf6 34.
Rge3 a3 35. b3 Qxc3 36. f5 exf5 37. Bxf5 Qc1+ 38. Kh2 Qc7 39. Kh3 Rf7 40. Rxd5
Ra5 41. Qe4 Rxd5 42. Qxd5 Rf6 43. Qe4 Qf7 44. g4 g6 45. hxg6 Nxg6 46. Qd4 Kg7
47. Bxg6 Kxg6 48. Qe4+ Kg7 49. Rd3 Qc7 50. Qd4 Qf4 51. Qxf4 Rxf4 52. Rd7+ Kg6
53. Kg3 Rb4 54. Rd5 1/2-1/2

[Event "Lliga Catalana DH"]
[Site "Barcelona"]
[Date "2018.02.10"]
[Round "4.9"]
[White "Subirats Ruiz, Sergi"]
[Black "Parramon Ros, Francesc"]
[Result "1-0"]
[WhiteElo "2284"]
[BlackElo "2189"]
[PlyCount "73"]
[EventDate "1988.??.??"]
[WhiteTeam "SAN"]
[BlackTeam "GER"]

1. e4 e5 2. Bc4 Nf6 3. d3 Bc5 4. Nc3 d6 5. f4 c6 6. Qf3 b5 7. Bb3 a5 8. a3 exf4
9. Bxf4 O-O 10. Nge2 Be6 11. d4 Bxb3 12. dxc5 Bxc2 13. cxd6 Qe8 14. e5 Nfd7 15.
Qe3 g5 16. Bg3 f6 17. e6 Bg6 18. h4 Ne5 19. Bxe5 fxe5 20. e7 Rf7 21. Qxg5 Rf5
22. Qe3 Nd7 23. g4 Rf6 24. h5 Bc2 25. Kd2 b4 26. axb4 axb4 27. Rxa8 bxc3+ 28.
Kxc2 Qxa8 29. Ra1 Qb8 30. Nxc3 Rxd6 31. Qg5+ Kh8 32. h6 Rg6 33. Qf5 Nf6 34. g5
Ne8 35. Rf1 Rg8 36. Qe6 Nc7 37. Qxe5+ 1-0

[Event "Lliga Catalana DH"]
[Site "Barcelona"]
[Date "2018.02.10"]
[Round "4.10"]
[White "Castrillon Otero, Javier"]
[Black "Delisau Gil, Oriol"]
[Result "0-1"]
[WhiteElo "2126"]
[BlackElo "2268"]
[PlyCount "64"]
[EventDate "1988.??.??"]
[WhiteTeam "GER"]
[BlackTeam "SAN"]

1. d4 Nf6 2. c4 g6 3. Nc3 Bg7 4. e4 d6 5. h3 O-O 6. Nf3 e5 7. d5 Nh5 8. g3 Na6
9. Be2 Nc5 10. b4 Nd7 11. Nh4 Nf4 12. Bg4 a5 13. Ba3 f5 14. exf5 e4 15. Nxe4
Qe7 16. O-O Qxe4 17. gxf4 gxf5 18. Re1 Qxf4 19. Bc1 Qxc4 20. Nxf5 Ne5 21. Be2
Nf3+ 22. Kh1 Qc3 23. Ne7+ Kh8 24. Bxf3 Qxa1 25. Be4 Qc3 26. Re3 Qc4 27. Kg2
Bxh3+ 28. Kxh3 Rxf2 29. Nf5 Be5 30. Ng3 Rg8 31. Bxh7 Qh4+ 32. Kxh4 Rh2# 0-1

[Event "Lliga Catalana DH"]
[Site "?"]
[Date "2018.02.10"]
[Round "4.8"]
[White "Llaneza Vega, Patricia"]
[Black "Vilar Lopez, Monica"]
[Result "0-1"]
[WhiteElo "2298"]
[BlackElo "2188"]
[PlyCount "134"]
[WhiteTeam "FOM"]
[BlackTeam "OLO"]

1. e4 e6 2. d4 d5 3. Nc3 Bb4 4. e5 c5 5. Bd2 Ne7 6. dxc5 Ng6 7. f4 Bxc5 8. Nf3
Nc6 9. Bd3 a6 10. Qe2 Qc7 11. O-O-O Nb4 12. Kb1 Bd7 13. g4 Nxd3 14. cxd3 Ne7
15. Be3 Bxe3 16. Qxe3 O-O 17. Rhe1 Rac8 18. Nd4 Nc6 19. f5 Qd8 20. f6 gxf6 21.
Qh6 fxe5 22. Nxc6 bxc6 23. Rxe5 f6 24. Rh5 Rf7 25. g5 fxg5 26. Rxg5+ Kh8 27.
Rdg1 Qf8 28. Qh4 Rf1+ 29. Rxf1 Qxf1+ 30. Kc2 Rf8 31. Qd4+ Qf6 32. Qxf6+ Rxf6
33. Rg2 Rg6 34. Rxg6 hxg6 35. d4 Kg7 36. Na4 Kf6 37. Nc5 Bc8 38. Kc3 e5 39.
dxe5+ Kxe5 40. Nd3+ Ke4 41. h4 Ke3 42. Ne5 d4+ 43. Kc2 c5 44. Kd1 Bf5 45. Nc4+
Kf4 46. Nd6 Kg4 47. b3 Kxh4 48. Nb7 Kg3 49. Nxc5 Bc8 50. Kd2 Kf4 51. Nd3+ Ke4
52. b4 g5 53. a4 g4 54. b5 axb5 55. axb5 g3 56. Ne1 Bd7 57. b6 Bc8 58. Ke2 Ba6+
59. Kd2 Kf4 60. Nd3+ Kf3 61. Ne1+ Ke4 62. Ng2 Kd5 63. Nf4+ Kc6 64. Ne6 d3 65.
b7 Kxb7 66. Nc5+ Kb6 67. Nd7+ Kc6 0-1

[Event "Lliga Catalana DH"]
[Site "Olot"]
[Date "2018.02.10"]
[Round "4.3"]
[White "Aymerich Verdaguer, Eduard"]
[Black "Mestre Bellido, Hector"]
[Result "1-0"]
[WhiteElo "2315"]
[BlackElo "2353"]
[PlyCount "97"]
[EventDate "2018.??.??"]
[WhiteTeam "OLO"]
[BlackTeam "FOM"]

1. d4 Nf6 2. c4 b6 3. Nf3 Bb7 4. Nc3 e6 5. Qc2 c5 6. d5 exd5 7. cxd5 Nxd5 8. e4
Nxc3 9. bxc3 Qe7 10. Nd2 d5 11. Bb5+ Nd7 12. O-O dxe4 13. Re1 f5 14. Nc4 Bd5
15. Rd1 Bxc4 16. Bxc4 Rd8 17. Qa4 g5 18. Rd5 Bg7 19. Rxf5 Rf8 20. Bxg5 Bf6 21.
Bxf6 Rxf6 22. Rxf6 Qxf6 23. Bb5 Qe7 24. Rd1 a5 25. h3 Qe6 26. Re1 Kf8 27. Rxe4
Qd6 28. Rf4+ Nf6 29. Qe4 Kg7 30. Qf5 Nd5 31. Qf7+ Kh8 32. Rh4 Nf6 33. Bd3 Rd7
34. Qg6 Rg7 35. Qf5 Qc6 36. g3 Qd6 37. Rh6 Rf7 38. g4 Qe7 39. Bc4 Nxg4 40.
Rxh7+ Rxh7 41. hxg4 Qe1+ 42. Bf1 Re7 43. Qf8+ Kh7 44. Kg2 Qe4+ 45. f3 Qc2+ 46.
Kg3 Rg7 47. Qd8 Qxc3 48. Bd3+ Kh6 49. Qh4# 1-0

[Event "Lliga Catalana DH"]
[Site "Olot"]
[Date "2018.02.10"]
[Round "4.5"]
[White "Serrat Rifa, Ernest"]
[Black "Arias Boo, Guillermo"]
[Result "1/2-1/2"]
[WhiteElo "2269"]
[BlackElo "2359"]
[PlyCount "63"]
[EventDate "2018.??.??"]
[WhiteTeam "OLO"]
[BlackTeam "FOM"]

1. e4 d6 2. d4 Nf6 3. Bd3 e5 4. d5 g6 5. c4 Bg7 6. Ne2 O-O 7. O-O a5 8. Nbc3
Na6 9. f4 exf4 10. Bxf4 Ng4 11. Qd2 Ne5 12. b3 Nxd3 13. Qxd3 f5 14. exf5 Bxf5
15. Qd2 Nc5 16. Rad1 Qd7 17. Nb5 Rae8 18. Ng3 Ne4 19. Nxe4 Rxe4 20. Bg3 b6 21.
Rde1 Rfe8 22. Rxe4 Rxe4 23. Re1 Bf6 24. Rxe4 Bxe4 25. Qf4 Bf5 26. Bf2 Qe7 27.
g4 Be5 28. Qf3 Bc8 29. h3 Qg7 30. Qe4 Qe7 31. Kg2 Qg7 32. Bd4 1/2-1/2

[Event "Lliga Catalana DH"]
[Site "?"]
[Date "2018.02.10"]
[Round "4.1"]
[White "Campos Moreno, Javier"]
[Black "Jerez Perez, Alfonso"]
[Result "1-0"]
[WhiteElo "2510"]
[BlackElo "2456"]
[PlyCount "93"]
[EventDate "2018.??.??"]
[WhiteTeam "OLO"]
[BlackTeam "FOM"]

1. d4 Nf6 2. c4 g6 3. Nc3 d5 4. cxd5 Nxd5 5. e4 Nxc3 6. bxc3 Bg7 7. Be3 c5 8.
Rc1 Qa5 9. Qd2 O-O 10. Nf3 Rd8 11. d5 e6 12. Bg5 f6 13. Be3 Nc6 14. h4 exd5 15.
exd5 Bg4 16. Be2 c4 17. Bxc4 Bxf3 18. gxf3 Ne5 19. Be2 Qxd5 20. Qxd5+ Rxd5 21.
Kf1 Rc8 22. c4 Rd7 23. f4 Nc6 24. Bf3 Ne7 25. Kg2 b6 26. c5 bxc5 27. Rxc5 Rxc5
28. Bxc5 Nf5 29. Rd1 Rxd1 30. Bxd1 Bf8 31. Bxa7 Ba3 32. h5 gxh5 33. Bxh5 Ng7
34. Bd1 Kf7 35. Kf3 f5 36. Bb3+ Ke7 37. Bd4 Ne6 38. Be5 Nf8 39. Bg8 Ng6 40. Bg7
h5 41. Bh6 Nf8 42. Bg5+ Ke8 43. Bb3 Ng6 44. Be6 Ne7 45. Kg3 Nc6 46. Bxf5 Nd4
47. Bg6+ 1-0

[Event "Lliga Catalana DH"]
[Site "?"]
[Date "2018.02.10"]
[Round "4.2"]
[White "Granados Gomez, Manuel"]
[Black "Vidal Zamora, Alex"]
[Result "0-1"]
[WhiteElo "2446"]
[BlackElo "2422"]
[PlyCount "86"]
[WhiteTeam "FOM"]
[BlackTeam "OLO"]

1. d4 Nf6 2. Nf3 e6 3. Bg5 h6 4. Bh4 d6 5. e3 g5 6. Bg3 Nh5 7. Bd3 Bg7 8. Nbd2
Nc6 9. c3 Qe7 10. Qe2 Bd7 11. O-O-O O-O-O 12. Kb1 f5 13. Nb3 Kb8 14. Nfd2 Qf7
15. f3 e5 16. d5 Ne7 17. c4 f4 18. exf4 Nxf4 19. Bxf4 exf4 20. Ne4 Nf5 21. c5
Qxd5 22. Bc4 Qe5 23. Rd5 Qe8 24. c6 Bxc6 25. Rxf5 d5 26. Bd3 dxe4 27. Bxe4 Qe7
28. Rc1 Bxe4+ 29. fxe4 Rhe8 30. Qc4 Qxe4+ 31. Qxe4 Rxe4 32. Rf7 Be5 33. Nc5
Red4 34. Re1 Bd6 35. Ne6 Re8 36. Re2 Rd3 37. Nxf4 Rxe2 38. Nxe2 Rd2 39. Nc3
Rxg2 40. h3 Kc8 41. Rh7 Rh2 42. Rxh6 g4 43. Ne4 g3 0-1

[Event "Lliga Catalana DH"]
[Site "?"]
[Date "2018.02.10"]
[Round "4.4"]
[White "Torrecillas Martinez, Antoni"]
[Black "Vinardell Cruañas, Sergi"]
[Result "1/2-1/2"]
[WhiteElo "2384"]
[BlackElo "2291"]
[PlyCount "39"]
[WhiteTeam "FOM"]
[BlackTeam "OLO"]

1. e4 c5 2. Nf3 d6 3. d4 cxd4 4. Nxd4 Nf6 5. Nc3 g6 6. g3 Nc6 7. Nde2 Bg7 8.
Bg2 O-O 9. O-O Rb8 10. a4 a6 11. h3 b5 12. axb5 axb5 13. Nd5 Nd7 14. c3 b4 15.
Qa4 Bb7 16. Be3 bxc3 17. bxc3 e6 18. Ndf4 Nce5 19. Rfd1 Qc7 20. Bd4 1/2-1/2

[Event "Lliga Catalana DH"]
[Site "?"]
[Date "2018.02.10"]
[Round "4.6"]
[White "Estrella Vidiella, Jordi"]
[Black "Pinyol Clapera, David"]
[Result "1-0"]
[WhiteElo "2348"]
[BlackElo "2239"]
[PlyCount "66"]
[WhiteTeam "FOM"]
[BlackTeam "OLO"]

1. e4 c6 2. d4 d5 3. e5 Bf5 4. Nf3 e6 5. Be2 h5 6. O-O g6 7. Bg5 Be7 8. Bxe7
Qxe7 9. c3 Nd7 10. Nbd2 g5 11. Ne1 h4 12. Nc2 Bxc2 13. Qxc2 O-O-O 14. c4 Nh6
15. b4 Kb8 16. c5 f6 17. exf6 Qxf6 18. Nb3 e5 19. b5 Rc8 20. bxc6 Qxc6 21. Rab1
Qc7 22. Bb5 Nf6 23. dxe5 Qxe5 24. Qb2 Qf4 25. f3 g4 26. Ba6 Qe3+ 27. Kh1 Nf5
28. Rf2 gxf3 29. Nd4 Rh7 30. Nxf5 fxg2+ 31. Rxg2 Qe4 32. Nd6 Qf3 33. Bxb7 h3
1-0

[Event "Lliga Catalana DH"]
[Site "?"]
[Date "2018.02.10"]
[Round "4.7"]
[White "Vall de Vilamaro, Jordi"]
[Black "Garrido Fernandez, Daniel"]
[Result "0-1"]
[WhiteElo "2227"]
[BlackElo "2304"]
[PlyCount "146"]
[WhiteTeam "OLO"]
[BlackTeam "FOM"]

1. Nf3 c5 2. g3 g6 3. Bg2 Bg7 4. c4 Nc6 5. Nc3 e5 6. O-O Nge7 7. Ne1 O-O 8. Nc2
d6 9. d3 Be6 10. Ne3 Rb8 11. Ned5 a6 12. a4 h6 13. Bd2 f5 14. f4 Nc8 15. e3
N8a7 16. b3 b5 17. axb5 axb5 18. Ra6 Bc8 19. Ra2 Qd7 20. Ne2 bxc4 21. bxc4 Qf7
22. Bc3 Be6 23. Qd2 Rb3 24. Rb2 Rfb8 25. Rfb1 Rxb2 26. Rxb2 Rb7 27. Rxb7 Qxb7
28. Qb2 Qxb2 29. Bxb2 Bxd5 30. Bxd5+ Kf8 31. Nc1 Nb4 32. Bb7 Ke7 33. Kf1 Kd7
34. Ke2 Nac6 35. Nb3 Nd8 36. Bg2 Ne6 37. Bc1 exf4 38. gxf4 Bc3 39. Bd2 Bxd2 40.
Kxd2 g5 41. fxg5 hxg5 42. d4 cxd4 43. Nxd4 Nxd4 44. exd4 Na6 45. Bd5 Nc7 46.
Bg8 Ne8 47. Bd5 Nf6 48. Bg2 Ke6 49. Kd3 Ng4 50. h3 Nf6 51. Bf3 Nd7 52. Bd5+ Ke7
53. Bc6 Nf8 54. Ke3 Ng6 55. Kf3 Nf4 56. h4 Ne6 57. Bb7 gxh4 58. Ke3 Kf6 59. Bg2
Kg5 60. Bd5 Nc7 61. Bb7 Kg4 62. c5 d5 63. Bc8 h3 64. Kf2 Kf4 65. Bd7 Ke4 66.
Kg3 f4+ 67. Kxh3 Kxd4 68. c6 Ke3 69. Kg2 d4 70. Kf1 d3 71. Ke1 f3 72. Bh3 d2+
73. Kd1 Nd5 0-1